书目信息 |
| 题名: |
分类成语词典
|
|
| 作者: | 王理嘉 , 侯学超 编著 | |
| 分册: | ||
| 出版信息: | 广州 广东人民出版社 1985.12 |
|
| 页数: | 722页 | |
| 开本: | 32开 | |
| 丛书名: | ||
| 单 册: | ||
| 中图分类: | H136.3-61 | |
| 科图分类: | ||
| 主题词: | 汉语--语义 , 汉语--词汇 , 训诂 , 汉语--语义学 | |
| 电子资源: | ||
| ISBN: | ||
| 000 | 00687nam0 2200253 45 | |
| 001 | 0210250912 | |
| 005 | 20070731150354.51 | |
| 010 | @b精装@dCNY6.40 | |
| 091 | @a9111.57 | |
| 100 | @a20021025d1985 km y0chiy0120 ea | |
| 101 | 0 | @achi |
| 105 | @a e 000yy | |
| 200 | 1 | @a分类成语词典@AFen Lei Cheng Yu Ci Dian@f王理嘉,侯学超编著@FWang Li Jia,Hou Xue Chao Bian Zhu |
| 210 | @a广州@c广东人民出版社@d1985.12 | |
| 215 | @a722页@d32开 | |
| 606 | 0 | @a汉语@x语义 |
| 606 | 0 | @a汉语@x词汇 |
| 606 | 0 | @a训诂 |
| 606 | 0 | @a汉语@x语义学 |
| 690 | @aH136.3-61@v3 | |
| 701 | 0 | @a王理嘉@4编著 |
| 701 | 0 | @a侯学超@4编著 |
| 801 | @aCN@bTSTC@c20070731 | |
| 905 | @f1@b159424@dH136.3-61@e106 | |
| 分类成语词典/王理嘉,侯学超编著.-广州:广东人民出版社,1985.12 |
| 722页;32开 |
| ISBN (精装):CNY6.40 |
| ● |
| 相关链接 |
|
|
|
|
正题名:分类成语词典
索取号:H136.3-61/106
 
预约/预借
| 序号 | 登录号 | 条形码 | 馆藏地/架位号 | 状态 | 备注 |
| 1 | 0159422 | 202074753 | 第二样本阅览室/ [索取号:H136.3-61/106] | 在馆 | |
| 2 | 0159424 | 001613917 | 工具书阅览室/ [索取号:H136.3-61/106] | 在馆 | |
| 3 | 0790338 | 207903385 | 密集书库/ [索取号:H136.3-61/106] | 在馆 |